LEADER 01462nam0-22003851i-450- 001 990007050960403321 005 20050722150920.0 010 $a88-13-19499-4 035 $a000705096 035 $aFED01000705096 035 $a(Aleph)000705096FED01 035 $a000705096 100 $a20020225d1995----km-y0itay50------ba 101 0 $aita 102 $aIT 105 $ay---n---001yy 200 1 $aCommentario breve al nuovo codice di procedura penale$eappendice di aggiornamento con il testo della legge 8 agosto 1995, n. 332$fGiovanni Conso, Vittorio Grevi$gcomplemento giurisprudenziale a cura di Vittorio Grevi$gcon la collaborazione di Ernesto Aghina ... [et al.] 210 $aPadova$cCedam$d1995 215 $aV, 487 p.$d24 cm 225 1 $aBreviaria iuris 311 $aAppendice di aggiornamento del 1995 all'omonimo testo del 1994 488 0$1001000627432$12001$aCommentario breve al nuovo codice di procedura penale$eappendice di aggiornamento con il testo della legge 8 agosto 1995, n. 332 676 $a348$v12 rid.$zita 700 1$aConso,$bGiovanni$0149594 701 1$aGrevi,$bVittorio$0222797 702 1$aAghina,$bErnesto 801 0$aIT$bUNINA$gRICA$2UNIMARC 901 $aBK 912 $a990007050960403321 952 $aCOLLEZIONE 392 (21)$b30476*$fFGBC 952 $aVI Z 465$b4071$fDDA 959 $aFGBC 959 $aDDA 996 $aCommentario breve al nuovo codice di procedura penale$9640940 997 $aUNINA LEADER 00983nas 2200361- 450 001 9910503295503321 005 20180419065852.2 035 $a(CKB)5300000000020914 035 $a(CONSER)--2018218693 035 $a(OCoLC)990281385 035 $a(EXLCZ)995300000000020914 100 $a20180418b189u189u k-- b 101 0 $acze 135 $aur||||||||||| 181 $ctxt$2rdacontent 182 $cc$2rdamedia 183 $acr$2rdacarrier 200 10$aPokrok západu 210 1$aOmaha, Nebraska :$c[Jan Rosický] 215 $a1 online resource 311 $a2577-9745 606 $aCzechs$zUnited States$vNewspapers 606 $aCzech Americans$vNewspapers 606 $aCzech American newspapers 607 $aOmaha (Neb.)$vNewspapers 615 0$aCzechs 615 0$aCzech Americans 615 0$aCzech American newspapers. 676 $a071 906 $aJOURNAL 912 $a9910503295503321 996 $aPokrok západu$91889765 997 $aUNINA LEADER 05403nam 22011055 450 001 996308843003316 005 20231110225245.0 010 $a3-8394-3497-1 024 7 $a10.14361/9783839434970 035 $a(CKB)3710000001092017 035 $a(DE-B1597)473380 035 $a(OCoLC)979755056 035 $a(OCoLC)985023896 035 $a(DE-B1597)9783839434970 035 $a(MiAaPQ)EBC5855220 035 $a(Au-PeEL)EBL5855220 035 $a(oapen)https://directory.doabooks.org/handle/20.500.12854/34746 035 $a(ScCtBLL)fd92224c-a105-4c16-8a9d-d23346e54388 035 $a(EXLCZ)993710000001092017 100 $a20190615d2017 fg 101 0 $aeng 135 $aur||#|||||||| 181 $ctxt$2rdacontent 182 $cc$2rdamedia 183 $acr$2rdacarrier 200 00$aDigital Environments $eEthnographic Perspectives across Global Online and Offline Spaces /$fMike Terry, Samantha Fox, Steffen Köhn, Urte Undine Frömming 210 $aBielefeld, Germany$ctranscript Verlag$d2017 210 1$aBielefeld :$ctranscript-Verlag,$d[2017] 210 4$d©2017 215 $a1 online resource 225 0 $aEdition Medienwissenschaft ;$v34 327 $tFrontmatter --$tContent --$tForeword /$rPink, Sarah --$tDigital Environments and the Future of Ethnography /$rFrömming, Urte Undine / Köhn, Steffen / Fox, Samantha / Terry, Mike --$tPart 1. Digital Communities and the Re-Creation of the Self and Social Relationships Online --$tA Comment on East Greenland Online /$rSveinbjörnsdóttir, Jóhanna Björk --$tWelcome Home /$rBorm, Brigitte --$tHow has the Internet Determined the Identity of Chilean Gay Men in the Last Twenty Years? /$rGrüzmacher, Juan Francisco Riumalló --$tRed Packets in the Real and Virtual Worlds /$rJi, Xiaojing --$tAntifeminism Online /$rLin, Jie Liang --$tExploring the Potentials and Challenges of Virtual Distribution of Contemporary Art /$rBlume, Jonas --$tBlind and Online /$rLlouquet, Olivier --$tHow Has Social Media Changed the Way We Grieve? /$rLapper, Ellen --$tWatch Me, I'm Live /$rBosio, Dario --$tPart 2. Political Digital Environments and Activism Online --$tHair, Blood and the Nipple /$rFaust, Gretchen --$tBerlin. Wie bitte? /$rJiménez, Teresa Tiburcio --$tAn Exploration of the Role of Twitter in the Discourse Around Race in South Africa /$rBeukes, Suzanne --$tMigration, Political Art and Digitalization /$rGonzález, Sara Wiederkehr --$t"You're Not Left Thinking That You're The Only Gay in the Village" /$rPitkänen, Veera Helena --$tFinding a Visual Voice /$rSadof, Karly Domb --$tGoogle A Religion /$rSleigh, Joanna --$tNotes on Contributors 330 $aDigital technology permeates the physical world. Social media and virtual reality, accessed via internet capable devices - computers, smartphones, tablets and wearables - affect nearly all aspects of social life.The contributions to this volume apply innovative forms of ethnographic research to the digital realm. They examine the emergence of new forms of digital life, such as political participation through comments on East Greenlandic news blogs, the personal use of video broadcasting applications, the rise of transnational migrant networks facilitated by social media, or the effects of Facebook, Twitter, and Instagram on global conflicts. 410 0$aEdition Medienwissenschaft 606 $aCyberspace$xSocial aspects 606 $aDigital media$xSocial aspects 606 $aEthnology 606 $aInternet$xSocial aspects$vCross-cultural studies 606 $aOnline social networks 606 $aSocial media 606 $aVirtual reality$xSocial aspects 606 $aDigital Culture 606 $aDigital Media 606 $aInternet 606 $aMedia Anthropology 606 $aMedia Studies 606 $aMedia 606 $aSocial Media 606 $aSociology of Media 606 $aVirtual Worlds 606 $aSOCIAL SCIENCE / Media Studies$2bisacsh 610 $aMedia and Communications 610 $aDigital Anthropology 610 $aVirtual Worlds 610 $aSocial Media 610 $aMedia Anthropology 610 $aDigital Culture 610 $aMedia 610 $aInternet 610 $aDigital Media 610 $aSociology of Media 610 $aMedia Studies 610 $aFacebook 610 $aInstagram 610 $aRed envelope 610 $aTwitter 615 0$aCyberspace$xSocial aspects. 615 0$aDigital media$xSocial aspects. 615 0$aEthnology. 615 0$aInternet$xSocial aspects 615 0$aOnline social networks. 615 0$aSocial media. 615 0$aVirtual reality$xSocial aspects. 615 4$aDigital Culture. 615 4$aDigital Media. 615 4$aInternet. 615 4$aMedia Anthropology. 615 4$aMedia Studies. 615 4$aMedia. 615 4$aSocial Media. 615 4$aSociology of Media. 615 4$aVirtual Worlds. 615 7$aSOCIAL SCIENCE / Media Studies. 676 $a300 700 $aFrömming$b Urte Undine$4edt$01433325 702 $aFox$b Samantha 702 $aFrömming$b Urte Undine 702 $aKöhn$b Steffen 702 $aTerry$b Mike$f1982- 801 0$bDE-B1597 801 1$bDE-B1597 906 $aBOOK 912 $a996308843003316 996 $aDigital Environments$93580382 997 $aUNISA